| 000 | 00361nam a2200157Ia 4500 | ||
|---|---|---|---|
| 008 | 230917s9999||||xx |||||||||||||| ||und|| | ||
| 040 |
_e128620 _aMAIN |
||
| 041 | _aEnglish | ||
| 082 | _a657.48 V438F | ||
| 100 | _aVarshney, J C | ||
| 245 | 0 | _aFinancial Accounting | |
| 250 | _a2nd ed. | ||
| 260 |
_aDelhi _bWisdom _c2009 |
||
| 300 | _a942 p. | ||
| 942 | _cBK | ||
| 999 |
_c152422 _d152422 |
||